[Event "Udaipur Lakecity rapid op 1st"]
[Site "Udaipur"]
[Date "2019.09.14"]
[Round "1"]
[White "Ahirwar, Aniket"]
[Black "Lugovskoy, Maxim"]
[Result "0-1"]
[WhiteElo "1524"]
[BlackElo "2422"]
[PlyCount "48"]
[EventDate "2019.09.14"]
[EventType "swiss (rapid)"]
[EventRounds "9"]
[EventCountry "IND"]
[SourceTitle "EXT 2020"]
[Source "ChessBase"]
[SourceDate "2019.10.17"]
[SourceVersion "1"]
[SourceVersionDate "2019.10.17"]
[SourceQuality "1"]

1. d4 d5 2. c4 e6 3. Nc3 a6 4. e3 Nf6 5. Nf3 dxc4 6. Bxc4 b5 7. Bd3 Bb7 8. a3 Bd6 9. 0-0 Nbd7 10. e4 Be7 11. Bg5 c5 12. d5 exd5 13. exd5 h6 14. Bh4 Nb6 15. Re1 0-0 16. d6 Bxd6 17. Be4 Bxe4 18. Nxe4 Be7 19. Qc2 Nxe4 20. Bxe7 Qxe7 21. Rxe4 Qf6 22. Rae1 c4 23. h3 Rad8 24. Ne5 Nd5 0-1